Città più popolose Sardegna - Statistics

Statistiche generali
  • Questo quiz è stato fatto 275 volte
    47 dall'ultimo reset
  • Il punteggio medio è 8 su 10
Statistiche sulle risposte
Popolazione Provincia Città % Corretto
148 881 Cagliari Cagliari
100%
34 105 Nuoro Nuoro
100%
30 541 Oristano Oristano
100%
121 657 Sassari Sassari
100%
60 385 Sassari Olbia
97%
68 430 Cagliari Quartu Sant'Elena
92%
42 352 Sassari Alghero
86%
26 390 Sud Sardegna Carbonia
68%
28 501 Cagliari Selargius
41%
25 944 Cagliari Assemini
24%
Nessun quiz corrispondente trovato
Distribuzione punteggi
Percentuale di utenti per punteggio
Percentile per numero di risposta
I tuoi punteggi nel tempo
Non hai fatto questo quiz dall'ultimo reset